Procedimiento laboral
ISBN:
84-7016-547-X
Descripción Física:
63 p. ; 24 cm
MARC
| LEADER | 00000nam a2200000Ia 4500 | ||
|---|---|---|---|
| 001 | 17351 | ||
| 008 | 160829s9999 xx 000 0 cat d | ||
| 020 | |a 84-7016-547-X | ||
| 080 | |a D-3-80 | ||
| 100 | |a Espanya. Lleis, etc. |9 23269 | ||
| 245 | |a Procedimiento laboral | ||
| 260 | |a Pamplona: |b Aranzadi, DL 1990 | ||
| 300 | |a 63 p. ; |c 24 cm | ||
| 590 | |a Conté: Ley de Bases, Ley núm. 88/1989, de 12 de abril (B.O.E. de 13 de abril de 1989, núm. 88). Texto articulado, Real Decreto Legislativo núm. 52/1990, de 27 de abril (BB.OO. del Estado de 2 y 23 de mayo de 1990, núms. 105 y 123) | ||
| 650 | |a Procediment del treball |x Legislació |x Espanya |x 1990 |9 23281 | ||
| 650 | |a Procediment del treball |x Espanya |9 23282 | ||
| 901 | |a Arxiu | ||
| 942 | |n 1 | ||
| 952 | |0 1 |1 0 |2 udc |4 0 |5 2 |6 D380 |7 1 |9 42650 |a Arxiu |b Arxiu |d 2016-12-01 |l 0 |o D-3-80 |p 17351 |r 2016-12-01 00:00:00 |w 2016-12-01 |y ARXIU | ||
| 999 | |c 45156 |d 45156 | ||